[Event "Asia-ch U20 Girls"]
[Site "Tashkent UZB"]
[Date "2012.05.30"]
[Round "1.1"]
[White "Hoang, Thi Nhu Y"]
[Black "Mamatkulova, Maftuna"]
[Result "1-0"]
[WhiteElo "2238"]
[BlackElo "2031"]
[EventDate "2012.05.30"]
[PlyCount "120"]

1.c4 Nf6 2.b3 g6 3.Bb2 Bg7 4.g3 d6 5.d4 c5 6.dxc5 Qa5+ 7.Nd2 Qxc5 8.e3 Bg4
9.Ngf3 Nc6 10.Bg2 O-O 11.O-O Rac8 12.h3 Bd7 13.Bxf6 Bxf6 14.Ne4 Qf5 15.
Nxf6+ Qxf6 16.Qd2 b6 17.Rfe1 Rfd8 18.Rad1 a5 19.Rc1 Qf5 20.Nd4 Qc5 21.Nb5 
a4 22.Nc3 axb3 23.axb3 Na5 24.Qb2 Qe5 25.f4 Qg7 26.Re2 Bc6 27.Ra1 Bxg2 28.
Kxg2 e6 29.Rd1 d5 30.Red2 Re8 31.e4 dxe4 32.Nxe4 Qxb2 33.Rxb2 Red8 34.Rd7 
h6 35.Kf3 Kg7 36.Rbd2 Rxd7 37.Rxd7 Nxb3 38.Nd6 Rf8 39.Rb7 Nc5 40.Rxb6 Rd8 
41.Ke3 Nd7 42.Rb7 Nc5 43.Rxf7+ Kg8 44.Rc7 Rxd6 45.Rxc5 Kf7 46.Rc7+ Kf6 47.
Rh7 Rd1 48.c5 Rc1 49.Kd4 h5 50.Rc7 Rd1+ 51.Kc4 Rg1 52.Rd7 Rxg3 53.c6 Rg1 
54.c7 Rc1+ 55.Kb5 g5 56.fxg5+ Kxg5 57.Kb6 Kh4 58.Rd8 e5 59.c8=Q Rxc8 60.
Rxc8 e4 1-0

[Event "Asia-ch U20 Girls"]
[Site "Tashkent UZB"]
[Date "2012.05.30"]
[Round "1.2"]
[White "Bayzhanova, Zhanar"]
[Black "Kulkarni , Bhakti"]
[Result "0-1"]
[WhiteElo "1994"]
[BlackElo "2208"]
[EventDate "2012.05.30"]
[PlyCount "98"]

1.e4 c6 2.d4 g6 3.Nc3 d5 4.e5 Bg7 5.f4 h5 6.Nf3 Bg4 7.Be2 Bxf3 8.Bxf3 e6 
9.Be3 Nh6 10.Bf2 Nf5 11.Qd2 Nd7 12.g3 Bf8 13.a3 a6 14.Ne2 Qb6 15.c4 Qb3 
16.Qc3 Qxc4 17.Qxc4 dxc4 18.Rc1 Nb6 19.h3 Ne7 20.Nc3 Ned5 21.Ne4 h4 22.Kf1
O-O-O 23.Ng5 Rd7 24.Kg2 hxg3 25.Kxg3 Bh6 26.h4 Na4 27.Rc2 b5 28.Rhc1 Kb7 
29.Rb1 Nab6 30.b3 cxb3 31.Rxb3 Rc7 32.Nh3 Ka7 33.Be1 Nc4 34.Bxd5 cxd5 35.
Nf2 Rhc8 36.Bb4 Ka8 37.Bc5 Nb6 38.Re2 Na4 39.Nd3 Bf8 40.Bxf8 Rxf8 41.Nb4 
Ka7 42.Kg4 Rc4 43.Rc2 Rxc2 44.Nxc2 Rc8 45.Nb4 Nc3 46.Rb2 Ne4 47.Rb3 Kb6 
48.Nd3 Rc4 49.Ne1 Rxd4 0-1

[Event "Asia-ch U20 Girls"]
[Site "Tashkent UZB"]
[Date "2012.05.30"]
[Round "1.3"]
[White "Kurbonboeva, Sarvinoz"]
[Black "Verbova, Elena"]
[Result "1/2-1/2"]
[WhiteElo "2199"]
[BlackElo "1973"]
[EventDate "2012.05.30"]
[PlyCount "79"]

1.c4 e6 2.Nc3 Nf6 3.d4 d5 4.Bg5 Be7 5.e3 Nbd7 6.cxd5 exd5 7.Bd3 c6 8.Qc2 
O-O 9.Nf3 Re8 10.O-O Nf8 11.h3 h6 12.Bf4 Bd6 13.Bxd6 Qxd6 14.Rab1 a5 15.a3
Be6 16.b4 b5 17.bxa5 Qxa3 18.Ra1 Qd6 19.Ne2 Rec8 20.Nd2 N8d7 21.Rfc1 Nb8 
22.Nf4 Bd7 23.Nb3 Na6 24.Qd2 Re8 25.Bb1 Re7 26.Nd3 Ne4 27.Qe2 f6 28.Qc2 
Be8 29.Nbc5 Naxc5 30.Nxc5 g6 31.Nb3 f5 32.f3 Ng3 33.Qd3 Bf7 34.Re1 Rae8 
35.Nc5 Qf4 36.Ra3 Qd6 37.Ra1 Qf4 38.Ra3 Qd6 39.Ra1 Qf4 40.Ra3 1/2-1/2

[Event "Asia-ch U20 Girls"]
[Site "Tashkent UZB"]
[Date "2012.05.30"]
[Round "1.4"]
[White "Tohirjonova, Gulruhbegim"]
[Black "Pujari, Rucha"]
[Result "0-1"]
[WhiteElo "1947"]
[BlackElo "2192"]
[EventDate "2012.05.30"]
[PlyCount "90"]

1.e4 d6 2.d4 Nf6 3.Nc3 g6 4.Nf3 Bg7 5.Be2 Bg4 6.h3 Bxf3 7.Bxf3 Nc6 8.Ne2 
e5 9.c3 O-O 10.O-O Qe8 11.Ng3 Nd7 12.Be3 Kh8 13.Bg4 Rd8 14.f4 exd4 15.Bxd4
Nxd4 16.cxd4 c5 17.dxc5 Nxc5 18.Qc2 Qb5 19.Rab1 Ne6 20.f5 Nd4 21.Qf2 Be5 
22.Ne2 Qb6 23.Kh1 gxf5 24.Bxf5 Nxf5 25.Qxf5 Qe3 26.Qf3 Qxf3 27.Rxf3 Rc8 
28.Nc3 Rc4 29.Rd1 Kg7 30.Kg1 Rfc8 31.Rdd3 R8c6 32.Kf1 Rb4 33.Rd2 Rbc4 34.
Rdd3 Bxc3 35.Rxc3 Rxe4 36.Rfd3 Re6 37.Kf2 Kf8 38.g4 Ke8 39.Kf3 Rxc3 40.
Rxc3 Kd7 41.Kf4 d5 42.h4 Kd6 43.h5 h6 44.Kf5 Re2 45.Rb3 Rf2+ 0-1

[Event "Asia-ch U20 Girls"]
[Site "Tashkent UZB"]
[Date "2012.05.30"]
[Round "1.5"]
[White "Nandhidhaa, PV"]
[Black "Verbova, Polina"]
[Result "1-0"]
[WhiteElo "2176"]
[BlackElo "1912"]
[EventDate "2012.05.30"]
[PlyCount "74"]

1.e4 e5 2.Nf3 Nc6 3.Nc3 Nf6 4.Bb5 d6 5.d4 exd4 6.Nxd4 Bd7 7.Bxc6 bxc6 8.
Bg5 Be7 9.O-O O-O 10.Qf3 c5 11.Nf5 Bxf5 12.Qxf5 g6 13.Qf3 Nd7 14.Bxe7 Qxe7
15.Nd5 Qd8 16.Rad1 Rb8 17.b3 Re8 18.Rfe1 c6 19.Ne3 Nf6 20.Nf1 d5 21.Ng3 
Re6 22.Qc3 Qe7 23.e5 Nd7 24.f4 Rb4 25.Rf1 f6 26.a3 Rb8 27.exf6 Qxf6 28.Qa5
Qd8 29.Qxa7 Ra8 30.Qb7 Rxa3 31.f5 Rd6 32.Ne4 Nf6 33.Nxd6 Qxd6 34.fxg6 hxg6
35.Rde1 Nd7 36.Qc8+ Kg7 37.Qe8 Ra7 1-0

[Event "Asia-ch U20 Girls"]
[Site "Tashkent UZB"]
[Date "2012.05.30"]
[Round "1.7"]
[White "Pon, NKrithika"]
[Black "Abdul, Majeed Dina Ameer"]
[Result "1-0"]
[WhiteElo "2150"]
[BlackElo "1877"]
[EventDate "2012.05.30"]
[PlyCount "75"]

1.e4 e5 2.Nf3 Nc6 3.Bb5 a6 4.Ba4 Nf6 5.Qe2 Bc5 6.c3 b5 7.Bb3 d6 8.d3 h6 9.
Be3 Bb7 10.Nbd2 O-O 11.O-O Bxe3 12.fxe3 d5 13.exd5 Nxd5 14.d4 exd4 15.exd4
Qe7 16.Qf2 Nf6 17.Rae1 Qd6 18.Ne5 Nd8 19.h3 a5 20.Bc2 Ne6 21.Qf5 Ng5 22.h4
Ngh7 23.Bb3 a4 24.Bxf7+ Rxf7 25.Nxf7 Kxf7 26.Qxh7 Qg3 27.Ne4 Qxe1 28.Nxf6 
Qe3+ 29.Kh2 Qe2 30.Nh5+ Qxf1 31.Qxg7+ Ke6 32.Qe5+ Kf7 33.Qxc7+ Kg6 34.Nf4+
Kf6 35.Qb6+ Kf7 36.Qxb7+ Kf6 37.Nd5+ Ke6 38.Qxa8 1-0

[Event "Asia-ch U20 Girls"]
[Site "Tashkent UZB"]
[Date "2012.05.30"]
[Round "1.8"]
[White "Khursanova, Farida"]
[Black "Saranya, J"]
[Result "0-1"]
[WhiteElo "1855"]
[BlackElo "2091"]
[EventDate "2012.05.30"]
[PlyCount "86"]

1.d4 Nf6 2.c4 g6 3.Nc3 Bg7 4.e4 d6 5.Be3 O-O 6.f3 e5 7.d5 Nbd7 8.Qd2 a5 9.
h4 Nh5 10.Nge2 f5 11.exf5 gxf5 12.Bh6 Qf6 13.Bxg7 Qxg7 14.O-O-O Nc5 15.Qg5
Qxg5+ 16.hxg5 Ng7 17.Ng3 Bd7 18.Be2 Be8 19.Rh4 Bg6 20.Rdh1 Rae8 21.Rh6 Re7
22.R6h3 b6 23.Kd2 Nb7 24.Nf1 Nd8 25.g3 Nb7 26.f4 Nc5 27.Ne3 Rfe8 28.Rf1 a4
29.Rf2 Rf8 30.Rf1 Kf7 31.g4 Kg8 32.fxe5 f4 33.Ng2 dxe5 34.Nh4 e4 35.Nxg6 
hxg6 36.Re1 Rfe8 37.Bd1 f3 38.Ke3 Nd3 39.Bxa4 Nxe1 40.Bxe8 Rxe8 41.Nxe4 
Nf5+ 42.Kf4 Rxe4+ 43.Kxe4 f2 0-1

[Event "Asia-ch U20 Girls"]
[Site "Tashkent UZB"]
[Date "2012.05.30"]
[Round "1.10"]
[White "Shyngys Kyzy, Aijarkyn"]
[Black "Ivana Maria, Furtado"]
[Result "0-1"]
[WhiteElo "1733"]
[BlackElo "2065"]
[EventDate "2012.05.30"]
[PlyCount "56"]

1.e4 e6 2.d4 d5 3.e5 c5 4.c3 Nc6 5.Nf3 Qb6 6.a3 Nh6 7.b4 cxd4 8.cxd4 Nf5 
9.Bb2 Bd7 10.Be2 Rc8 11.O-O a6 12.Qd2 h5 13.Rd1 g6 14.Nc3 Bh6 15.Qd3 Na5 
16.Rab1 Nc4 17.a4 g5 18.Bc1 g4 19.Nd2 Bxd2 20.Bxd2 Qxd4 21.Qxd4 Nxd4 22.
Bg5 Nxe2+ 23.Nxe2 Bxa4 24.Rdc1 O-O 25.Ra1 Bb5 26.Nd4 Nxe5 27.Nxb5 axb5 28.
Kf1 Nd3 0-1

[Event "Asia-ch U20 Girls"]
[Site "Tashkent UZB"]
[Date "2012.05.31"]
[Round "2.1"]
[White "Saranya, J"]
[Black "Hoang, Thi Nhu Y"]
[Result "0-1"]
[WhiteElo "2091"]
[BlackElo "2238"]
[EventDate "2012.05.30"]
[PlyCount "96"]

1.e4 c6 2.d4 d5 3.Nc3 g6 4.e5 Bg7 5.Nf3 Bg4 6.Be2 e6 7.Nd2 Bxe2 8.Qxe2 Nd7
9.Nb3 a6 10.O-O Qc7 11.f4 c5 12.dxc5 Nxc5 13.Nxc5 Qxc5+ 14.Be3 Qc6 15.a4 
Bf8 16.Qd3 Rc8 17.Rfc1 Bc5 18.Ne2 Ne7 19.c3 Nf5 20.Bd4 O-O 21.g4 Ne7 22.
Rf1 Bxd4+ 23.Nxd4 Qb6 24.Rf2 Nc6 25.Nf3 f6 26.exf6 Rxf6 27.Qe2 Rcf8 28.Kg2
Nd8 29.f5 exf5 30.g5 Re6 31.Qd3 Rd6 32.Nd4 Nc6 33.Nf3 Re8 34.Re2 Re4 35.
Rae1 Qd8 36.h4 Rde6 37.c4 Qe7 38.Ng1 dxc4 39.Rxe4 Rxe4 40.Rxe4 cxd3 41.
Rxe7 Nxe7 42.Kf2 Nd5 43.Nf3 Kf8 44.Ke1 Ke7 45.Kd2 Nb4 46.a5 Kd6 47.Kc3 Nc6
48.Kxd3 Ne5+ 0-1

[Event "Asia-ch U20 Girls"]
[Site "Tashkent UZB"]
[Date "2012.05.31"]
[Round "2.2"]
[White "Kulkarni , Bhakti"]
[Black "Pon, NKrithika"]
[Result "0-1"]
[WhiteElo "2208"]
[BlackElo "2150"]
[EventDate "2012.05.30"]
[PlyCount "90"]

1.d4 Nf6 2.c4 c5 3.d5 b5 4.cxb5 a6 5.b6 e6 6.Nc3 exd5 7.Nxd5 Nxd5 8.Qxd5 
Nc6 9.Nf3 Rb8 10.e4 Be7 11.Ne5 Nxe5 12.Qxe5 Rxb6 13.Qxg7 Bf6 14.Qg3 Qe7 
15.Bd3 c4 16.Bc2 Be5 17.Qe3 Qf6 18.Rb1 Bd4 19.Qf3 Qe5 20.Qf5 Qg7 21.O-O 
Rf6 22.Qd5 Rg6 23.e5 Rxg2+ 24.Qxg2 Rg8 25.Qg3 Qf8 26.Bg5 h6 27.Qf3 Rxg5+ 
28.Kh1 Qb4 29.Be4 Rxe5 30.a3 Qe7 31.Bd5 d6 32.Bc6+ Kd8 33.Qf4 Bb6 34.Rg1 
Be6 35.Qxh6 Kc7 36.Bg2 Bxf2 37.Rgf1 Be3 38.Qh7 Bc5 39.Rbd1 d5 40.Qh8 Qd6 
41.Qa8 Rh5 42.h3 Qg3 43.Rf3 Rxh3+ 44.Bxh3 Qxf3+ 45.Bg2 Qh5+ 0-1

[Event "Asia-ch U20 Girls"]
[Site "Tashkent UZB"]
[Date "2012.05.31"]
[Round "2.3"]
[White "Pujari, Rucha"]
[Black "Nasriddinzoda, Marvorii"]
[Result "1-0"]
[WhiteElo "2192"]
[BlackElo "2033"]
[EventDate "2012.05.30"]
[PlyCount "101"]

1.d4 d6 2.Nf3 Bg4 3.g3 Nd7 4.Bg2 e5 5.O-O Be7 6.c4 Ngf6 7.b3 c6 8.Bb2 Qc7 
9.Qc2 O-O 10.Nbd2 Rfe8 11.Rae1 Bf8 12.e4 a5 13.Nh4 Qb6 14.h3 Bh5 15.c5 Qa7
16.Kh1 Bg6 17.cxd6 exd4 18.f4 Nd5 19.Nxg6 Nb4 20.Qb1 hxg6 21.a3 Na6 22.e5 
Rac8 23.Qd3 Nac5 24.Qxd4 Qa6 25.Be4 Nxe4 26.Nxe4 c5 27.Qf2 Qc6 28.Kh2 Qd5 
29.Qf3 c4 30.b4 axb4 31.axb4 Ra8 32.Ra1 Rxa1 33.Rxa1 Qc6 34.Ng5 Qxf3 35.
Nxf3 Bxd6 36.Rd1 Bxb4 37.Rxd7 c3 38.Rxb7 Ba5 39.Bc1 f6 40.Rb5 Ra8 41.Rb3 
Rd8 42.Rb5 Ra8 43.e6 Bd8 44.Rc5 Ba5 45.g4 Bb4 46.Rc4 Ra2+ 47.Kg3 Ba5 48.
Rc8+ Kh7 49.e7 Bb6 50.Ng5+ fxg5 51.e8=Q 1-0

[Event "Asia-ch U20 Girls"]
[Site "Tashkent UZB"]
[Date "2012.05.31"]
[Round "2.4"]
[White "Bharathi, R"]
[Black "Nandhidhaa, PV"]
[Result "0-1"]
[WhiteElo "2088"]
[BlackElo "2176"]
[EventDate "2012.05.30"]
[PlyCount "60"]

1.e4 c5 2.Nf3 e6 3.d4 cxd4 4.Nxd4 a6 5.c4 Nf6 6.Nc3 Qc7 7.a3 b6 8.Be3 Bb7 
9.f3 d6 10.Be2 Nbd7 11.Rc1 Be7 12.O-O O-O 13.b4 Rac8 14.Kh1 Rfe8 15.Qd2 
Qb8 16.Rc2 g6 17.Rb1 Bf8 18.Bf1 d5 19.cxd5 exd5 20.exd5 Nxd5 21.Nxd5 Bxd5 
22.Bxa6 Rcd8 23.Bg5 f6 24.Bf4 Ne5 25.Bb5 Re7 26.Qc1 Qa8 27.Bc6 Nxc6 28.
Nxc6 Bxc6 29.Rxc6 Red7 30.Rc3 Qa4 0-1

[Event "Asia-ch U20 Girls"]
[Site "Tashkent UZB"]
[Date "2012.05.31"]
[Round "2.6"]
[White "Ivana Maria, Furtado"]
[Black "Kurbonboeva, Sarvinoz"]
[Result "1-0"]
[WhiteElo "2065"]
[BlackElo "2199"]
[EventDate "2012.05.30"]
[PlyCount "73"]

1.d4 Nf6 2.c4 e6 3.Nf3 d5 4.Nc3 Nbd7 5.cxd5 exd5 6.Bf4 Bb4 7.Qc2 c5 8.e3 
Qa5 9.Bd3 c4 10.Bf5 O-O 11.O-O g6 12.Bh3 Re8 13.Nd2 Nb6 14.Bxc8 Raxc8 15.
Rac1 Re6 16.f3 Bxc3 17.Qxc3 Qxc3 18.Rxc3 Na4 19.Rc2 Rec6 20.Be5 Nd7 21.e4 
Ndb6 22.Nb1 Rd8 23.Rd1 dxe4 24.fxe4 Nc5 25.Nd2 Nd3 26.d5 Rcc8 27.Bd4 Na4 
28.Nxc4 Rxc4 29.Rxc4 Ndxb2 30.Bf6 Ra8 31.Rxa4 Nxa4 32.d6 Nc5 33.d7 Nxd7 
34.Rxd7 b5 35.Rb7 a6 36.Kf2 h6 37.h4 1-0

[Event "Asia-ch U20 Girls"]
[Site "Tashkent UZB"]
[Date "2012.05.31"]
[Round "2.7"]
[White "Verbova, Elena"]
[Black "Baizhanova, Zhanar"]
[Result "1/2-1/2"]
[WhiteElo "1973"]
[BlackElo "1994"]
[EventDate "2012.05.30"]
[PlyCount "114"]

1.e4 c5 2.Nf3 Nc6 3.d4 cxd4 4.Nxd4 e5 5.Nb5 d6 6.N1c3 a6 7.Na3 b5 8.Nd5 
Nge7 9.c4 Nd4 10.cxb5 Nxd5 11.exd5 Qh4 12.Be3 Nf5 13.Qd2 Nxe3 14.Qxe3 Qb4+
15.Qd2 Qe4+ 16.Qe3 Qxd5 17.Rd1 Qb7 18.bxa6 Qb4+ 19.Rd2 Bxa6 20.Bxa6 Rxa6 
21.Qd3 Rc6 22.O-O Be7 23.Nb1 O-O 24.Nc3 Bg5 25.Re2 Rfc8 26.g3 Rc4 27.Qf5 
h6 28.Rd1 g6 29.Qf3 Rd4 30.Rc2 Rxd1+ 31.Qxd1 Qd4 32.Qe2 Qc4 33.Qxc4 Rxc4 
34.h4 Bf6 35.Rd2 e4 36.Nd5 Be5 37.Ne3 Rc1+ 38.Kg2 f5 39.f4 exf3+ 40.Kxf3 
Rg1 41.Ng2 Rf1+ 42.Ke2 Ra1 43.Nf4 Rxa2 44.Nxg6 Rxb2 45.Rxb2 Bxb2 46.Ne7+ 
Kh7 47.Nxf5 Be5 48.Kf3 Kg6 49.Ne3 Bd4 50.Nc2 Bc5 51.g4 Kf6 52.Kf4 Bf2 53.
g5+ hxg5+ 54.hxg5+ Kg6 55.Kg4 d5 56.Nb4 Be3 57.Nxd5 Bxg5 1/2-1/2

[Event "Asia-ch U20 Girls"]
[Site "Tashkent UZB"]
[Date "2012.05.31"]
[Round "2.8"]
[White "Mamatkulova, Maftuna"]
[Black "Khursanova, Farida"]
[Result "0-1"]
[WhiteElo "2031"]
[BlackElo "1855"]
[EventDate "2012.05.30"]
[PlyCount "64"]

1.d4 d5 2.c4 e6 3.cxd5 exd5 4.Nc3 Nf6 5.Bg5 c6 6.Qc2 Bd6 7.e3 O-O 8.Bd3 h6
9.Bh4 Re8 10.Nge2 a6 11.h3 Nbd7 12.g4 Qa5 13.O-O-O b5 14.Kb1 Rb8 15.g5 
hxg5 16.Bxg5 b4 17.Na4 Ne4 18.Bh4 c5 19.dxc5 Ndxc5 20.Nxc5 Nxc5 21.Nd4 Bd7
22.Rhg1 Be5 23.b3 Rbc8 24.f4 Ne4 25.Qg2 Bxd4 26.exd4 g6 27.Be1 Bf5 28.h4 
Qb6 29.Bc2 Rxc2 30.Kxc2 Nf2+ 31.Kb2 Nxd1+ 32.Kc1 Qxd4 0-1

[Event "Asia-ch U20 Girls"]
[Site "Tashkent UZB"]
[Date "2012.05.31"]
[Round "2.9"]
[White "Abdul, Majeed Dina Ameer"]
[Black "Tohirjonova, Gulruhbegim"]
[Result "1/2-1/2"]
[WhiteElo "1877"]
[BlackElo "1947"]
[EventDate "2012.05.30"]
[PlyCount "76"]

1.e4 e5 2.Nf3 Nc6 3.Bb5 a6 4.Ba4 Nf6 5.O-O b5 6.Bb3 Bc5 7.Nxe5 Nxe5 8.d4 
Bxd4 9.Qxd4 Nc6 10.Qc5 Qe7 11.Qxe7+ Kxe7 12.Nc3 b4 13.Nd5+ Nxd5 14.Bxd5 
Bb7 15.Bd2 Rhb8 16.a3 bxa3 17.Rxa3 Nd4 18.Bb3 Bc6 19.Re1 Bb5 20.e5 c5 21.
Re4 Nxb3 22.cxb3 Rb6 23.b4 Rg6 24.Rg3 cxb4 25.Bxb4+ Ke6 26.f4 Rc8 27.Bc3 
Kf5 28.Rd4 Rc4 29.Rxc4 Bxc4 30.Rxg6 hxg6 31.g3 g5 32.fxg5 Kxg5 33.Kf2 Kg4 
34.Bd4 Kh3 35.Kg1 Kg4 36.Kf2 Kh3 37.Kg1 Kg4 38.Kf2 Kh3 1/2-1/2

[Event "Asia-ch U20 Girls"]
[Site "Tashkent UZB"]
[Date "2012.05.31"]
[Round "2.10"]
[White "Verbova, Polina"]
[Black "Shyngys Kyzy, Aijarkyn"]
[Result "1-0"]
[WhiteElo "1912"]
[BlackElo "1733"]
[EventDate "2012.05.30"]
[PlyCount "57"]

1.d4 d5 2.e3 Bf5 3.Bd3 e6 4.Nf3 Nf6 5.O-O Bd6 6.c3 Ne4 7.Qc2 Nd7 8.Nbd2 
Ndf6 9.Ne5 Nxd2 10.Bxd2 Bxe5 11.dxe5 Bxd3 12.Qxd3 Nd7 13.f4 O-O 14.b4 c5 
15.a3 a5 16.Rfd1 Qc7 17.e4 Nb6 18.exd5 c4 19.d6 cxd3 20.dxc7 Nd5 21.bxa5 
Nxc7 22.c4 Rfd8 23.Be3 Rd7 24.Rab1 Ne8 25.Bb6 Rc8 26.Rb3 d2 27.Rb2 Rxc4 
28.Rbxd2 Re7 29.Bd8 1-0

[Event "Asia-ch U20 Girls"]
[Site "Tashkent UZB"]
[Date "2012.06.01"]
[Round "3.1"]
[White "Hoang, Thi Nhu Y"]
[Black "Ivana Maria, Furtado"]
[Result "1/2-1/2"]
[WhiteElo "2238"]
[BlackElo "2065"]
[EventDate "2012.05.30"]
[PlyCount "61"]

1.c4 e5 2.g3 Nf6 3.Bg2 d5 4.cxd5 Nxd5 5.Nc3 Nb6 6.Nf3 Nc6 7.O-O Be7 8.d4 
exd4 9.Nb5 O-O 10.Nbxd4 Nxd4 11.Nxd4 Bf6 12.Nb5 Bg4 13.Qc2 c6 14.Na3 Re8 
15.f3 Be6 16.Rd1 Qe7 17.Bd2 Bd4+ 18.Kh1 Bc5 19.Qc1 Rad8 20.Nc2 Nc4 21.Bc3 
Rxd1+ 22.Qxd1 Rd8 23.Qc1 b5 24.a3 a5 25.b4 Bb6 26.Qe1 axb4 27.axb4 h6 28.
e4 c5 29.bxc5 Bxc5 30.Bb4 Bxb4 31.Qxb4 1/2-1/2

[Event "Asia-ch U20 Girls"]
[Site "Tashkent UZB"]
[Date "2012.06.01"]
[Round "3.2"]
[White "Nandhidhaa, PV"]
[Black "Pujari, Rucha"]
[Result "0-1"]
[WhiteElo "2176"]
[BlackElo "2192"]
[EventDate "2012.05.30"]
[PlyCount "118"]

1.e4 d6 2.d4 Nf6 3.Nc3 g6 4.Nf3 Bg7 5.Bf4 O-O 6.Qd2 Bg4 7.O-O-O Nbd7 8.Be2
c5 9.dxc5 Nxc5 10.e5 dxe5 11.Qxd8 Rfxd8 12.Bxe5 Bh6+ 13.Kb1 Nfe4 14.Bd4 
Nxc3+ 15.Bxc3 Ne4 16.Rxd8+ Rxd8 17.Bb4 Nxf2 18.Re1 e5 19.Bc5 Ne4 20.Bxa7 
Nd2+ 21.Ka1 e4 22.Nd4 Bxe2 23.Rxe2 f5 24.c3 Nc4 25.Kb1 Kf7 26.b3 Ne5 27.a4
Nd3 28.a5 Bf4 29.g3 Bc7 30.b4 Ra8 31.Nb5 Be5 32.Be3 h5 33.Bg5 Ke6 34.Kc2 
Rc8 35.Kb3 f4 36.Rxe4 Kf5 37.Rxe5+ Kxe5 38.gxf4+ Nxf4 39.c4 Ne6 40.Bh4 
Nd4+ 41.Nxd4 Kxd4 42.Bf2+ Kd3 43.c5 Rf8 44.Bh4 Rf1 45.Be7 Rb1+ 46.Ka2 Re1 
47.Bd6 Kc4 48.a6 bxa6 49.c6 Re8 50.c7 Kb5 51.Kb3 Kc6 52.Bf4 Kb7 53.Kc3 h4 
54.Kd4 h3 55.Kd5 Rc8 56.Ke6 Rxc7 57.Kf6 Rc4 58.Bd2 Rg4 59.Ke5 Kc6 0-1

[Event "Asia-ch U20 Girls"]
[Site "Tashkent UZB"]
[Date "2012.06.01"]
[Round "3.6"]
[White "Khursanova, Farida"]
[Black "Bharathi, R"]
[Result "1/2-1/2"]
[WhiteElo "1855"]
[BlackElo "2088"]
[EventDate "2012.05.30"]
[PlyCount "62"]

1.d4 d5 2.c4 c6 3.cxd5 cxd5 4.Nc3 Nf6 5.Bf4 Nc6 6.Nf3 Ne4 7.Qb3 Nxc3 8.
bxc3 e6 9.e3 Be7 10.Ne5 O-O 11.Bd3 Nxe5 12.Bxe5 b6 13.O-O Bb7 14.a4 Bc6 
15.Qc2 h6 16.Qe2 Bd6 17.f4 Bxe5 18.fxe5 f5 19.exf6 Rxf6 20.Rxf6 Qxf6 21.
Rf1 Qe7 22.Qg4 Rf8 23.Rxf8+ Kxf8 24.Qf4+ Kg8 25.Bg6 Be8 26.Qb8 Kf8 27.Qf4+
Qf6 28.Qd6+ Qe7 29.Qf4+ Qf6 30.Qd6+ Qe7 31.Qf4+ Qf6 1/2-1/2

[Event "Asia-ch U20 Girls"]
[Site "Tashkent UZB"]
[Date "2012.06.01"]
[Round "3.7"]
[White "Nasriddinzoda, Marvorii"]
[Black "Verbova, Elena"]
[Result "1/2-1/2"]
[WhiteElo "2033"]
[BlackElo "1973"]
[EventDate "2012.05.30"]
[PlyCount "132"]

1.e4 e6 2.Qe2 c5 3.Nf3 Nc6 4.g3 b6 5.Bg2 a5 6.O-O Ba6 7.d3 Nge7 8.Nc3 Nd4 
9.Qd1 Rc8 10.Be3 Nxf3+ 11.Qxf3 Nc6 12.Qd1 Be7 13.f4 O-O 14.Kh1 b5 15.e5 d5
16.exd6 Bxd6 17.Ne4 Ne7 18.Rf2 Nd5 19.Bd2 Be7 20.f5 exf5 21.Rxf5 Nf6 22.
Bc3 Nxe4 23.Bxe4 g6 24.Qg4 b4 25.Be5 Qd7 26.Rxf7 Qxg4 27.Rg7+ Kh8 28.Rxg6+
Bf6 29.Bxf6+ Rxf6 30.Rxg4 Rf2 31.Rc1 Rcf8 32.Rh4 R8f7 33.Rh5 Bc8 34.Kg1 
R2f6 35.Rxc5 Bh3 36.Bg2 Bxg2 37.Kxg2 Rf2+ 38.Kh3 R7f6 39.Rxa5 Rh6+ 40.Kg4 
Rhxh2 41.Rc5 Kg7 42.a4 bxa3 43.bxa3 Rf6 44.Rg5+ Kh6 45.a4 Rd6 46.c3 Rxd3 
47.Rb1 Rd6 48.a5 Rc6 49.Rb6 Rxb6 50.axb6 Rb2 51.Rh5+ Kg6 52.Rh1 Rxb6 53.c4
Rc6 54.Rc1 h5+ 55.Kf4 Rc5 56.Ke4 Kf6 57.Kd4 Rg5 58.c5 Rxg3 59.c6 Rg8 60.c7
Rc8 61.Kd5 h4 62.Kd6 Kg5 63.Kd7 Rxc7+ 64.Kxc7 h3 65.Kd6 Kg4 66.Ke5 h2 
1/2-1/2

[Event "Asia-ch U20 Girls"]
[Site "Tashkent UZB"]
[Date "2012.06.01"]
[Round "3.8"]
[White "Tohirjonova, Gulruhbegim"]
[Black "Verbova, Polina"]
[Result "1-0"]
[WhiteElo "1947"]
[BlackElo "1912"]
[EventDate "2012.05.30"]
[PlyCount "33"]

1.e4 e5 2.Nf3 Nc6 3.Bb5 Nf6 4.O-O Nd4 5.Nxd4 exd4 6.e5 Nd5 7.Qf3 Nb6 8.c3 
c6 9.Bd3 dxc3 10.dxc3 g6 11.Nd2 Bg7 12.Ne4 O-O 13.Bg5 Qc7 14.Nf6+ Kh8 15.
Qh3 h5 16.Nxh5 d5 17.Qh4 1-0

[Event "Asia-ch U20 Girls"]
[Site "Tashkent UZB"]
[Date "2012.06.02"]
[Round "4.1"]
[White "Pujari, Rucha"]
[Black "Pon, NKrithika"]
[Result "1-0"]
[WhiteElo "2192"]
[BlackElo "2150"]
[EventDate "2012.05.30"]
[PlyCount "83"]

1.d4 Nf6 2.Nf3 c5 3.d5 g6 4.c4 b5 5.cxb5 a6 6.bxa6 Bxa6 7.Nc3 Bg7 8.g3 O-O
9.Bg2 d6 10.O-O Nbd7 11.Rb1 Ra7 12.b3 Qa8 13.Re1 Rb8 14.Qd2 Ne8 15.Bb2 Nc7
16.e4 Ne5 17.Nxe5 Bxe5 18.f4 Bd4+ 19.Kh1 Rb4 20.e5 Bb7 21.exd6 exd6 22.Re7
Qd8 23.Rbe1 Bf6 24.Rxc7 Rd4 25.Qe2 Qxc7 26.Nb5 Qa5 27.Bxd4 cxd4 28.Nxa7 
Qxa7 29.Qb5 Kg7 30.Bf1 Qa8 31.Bc4 d3 32.Rd1 Qxa2 33.Bxd3 Bc8 34.f5 gxf5 
35.Qc4 Bd7 36.Qc2 Qa3 37.Bxf5 Bxf5 38.Qxf5 Qxb3 39.Rf1 Qc3 40.Qg4+ Kf8 41.
Qf4 Kg7 42.Qxd6 1-0

[Event "Asia-ch U20 Girls"]
[Site "Tashkent UZB"]
[Date "2012.06.02"]
[Round "4.2"]
[White "Ivana Maria, Furtado"]
[Black "Vo, Thi Kim Phung"]
[Result "1/2-1/2"]
[WhiteElo "2065"]
[BlackElo "2155"]
[EventDate "2012.05.30"]
[PlyCount "61"]

1.d4 Nf6 2.c4 e6 3.Nf3 b6 4.g3 Bb7 5.Bg2 Be7 6.O-O O-O 7.Re1 d6 8.Nc3 c5 
9.e4 Nfd7 10.dxc5 Nxc5 11.b4 Nca6 12.a3 Nc7 13.Be3 Nd7 14.Rc1 Re8 15.Nd4 
Ne5 16.Ncb5 a6 17.Nxc7 Qxc7 18.Qc2 Rac8 19.Bf1 Bf6 20.Be2 Nd7 21.Qb1 Qb8 
22.Nb3 Qa8 23.Nd2 g6 24.f4 a5 25.Bf3 axb4 26.axb4 Red8 27.Qd3 Qb8 28.Bf2 
Be7 29.Qe2 Bf8 30.Red1 Re8 31.Qd3 1/2-1/2

[Event "Asia-ch U20 Girls"]
[Site "Tashkent UZB"]
[Date "2012.06.02"]
[Round "4.3"]
[White "Nandhidhaa, PV"]
[Black "Hoang, Thi Nhu Y"]
[Result "1-0"]
[WhiteElo "2176"]
[BlackElo "2238"]
[EventDate "2012.05.30"]
[PlyCount "99"]

1.e4 c6 2.d4 d5 3.exd5 cxd5 4.Bd3 Nc6 5.c3 Qc7 6.h3 Nf6 7.Nf3 g6 8.O-O Bf5
9.Bxf5 gxf5 10.Re1 e6 11.Nbd2 Bg7 12.Nf1 Ne4 13.Be3 O-O 14.Qc1 b5 15.Bf4 
Qe7 16.Ng3 Nxg3 17.Bxg3 Rfc8 18.Bh4 Qb7 19.Qg5 f6 20.Qg3 Kf7 21.Nd2 Re8 
22.Nb3 a5 23.Nc5 Qc8 24.Qf3 Ra7 25.Re3 Nd8 26.Qh5+ Kf8 27.Qxh7 Rf7 28.Rae1
e5 29.Nd3 e4 30.Nf4 Ke7 31.Qh5 Kd6 32.Qe2 Qc4 33.Qc2 Bh6 34.b3 Qc6 35.Bg3 
Bxf4 36.Bxf4+ Kd7 37.c4 Ne6 38.Bh2 Rc8 39.Qd1 Rh7 40.cxd5 Qxd5 41.f3 Rg8 
42.fxe4 fxe4 43.Rxe4 f5 44.R4e2 Rhg7 45.Qc2 f4 46.Kh1 Nxd4 47.Rd1 Nxc2 48.
Rxd5+ Kc6 49.Rdd2 Na3 50.Bxf4 1-0

[Event "Asia-ch U20 Girls"]
[Site "Tashkent UZB"]
[Date "2012.06.02"]
[Round "4.6"]
[White "Bharathi, R"]
[Black "Tohirjonova, Gulruhbegim"]
[Result "1-0"]
[WhiteElo "2088"]
[BlackElo "1947"]
[EventDate "2012.05.30"]
[PlyCount "69"]

1.e4 e5 2.Nf3 Nc6 3.Bb5 Bc5 4.c3 Nf6 5.d4 exd4 6.e5 Ne4 7.O-O d5 8.exd6 
Nxd6 9.Bxc6+ bxc6 10.cxd4 Bb6 11.Bg5 f6 12.Re1+ Kf8 13.Bf4 Bg4 14.Nc3 Nf5 
15.d5 Nh4 16.Bg3 Nxf3+ 17.gxf3 Bh5 18.Kg2 Be8 19.Rc1 h5 20.Bf4 g5 21.Be3 
g4 22.f4 Rb8 23.Bxb6 Rxb6 24.Na4 Rb4 25.Nc5 Bf7 26.Ne6+ Bxe6 27.dxe6 Qxd1 
28.Rcxd1 Ke8 29.Rd7 Rxb2 30.Rxc7 Rh6 31.f5 h4 32.Rd1 Rb8 33.Rdd7 Rh5 34.
Rg7 Kf8 35.Rcf7+ 1-0

[Event "Asia-ch U20 Girls"]
[Site "Tashkent UZB"]
[Date "2012.06.02"]
[Round "4.7"]
[White "Verbova, Elena"]
[Black "Khursanova, Farida"]
[Result "0-1"]
[WhiteElo "1973"]
[BlackElo "1855"]
[EventDate "2012.05.30"]
[PlyCount "96"]

1.e4 c5 2.Nf3 d6 3.d4 cxd4 4.Nxd4 Nf6 5.Nc3 a6 6.Bg5 Qa5 7.Qd2 Nbd7 8.f3 
b5 9.Nb3 Qc7 10.a3 Bb7 11.Be2 e6 12.O-O d5 13.exd5 Nxd5 14.Nxd5 Bxd5 15.
Bf4 Bd6 16.Bxd6 Qxd6 17.Nd4 O-O 18.Rfd1 Nf6 19.Qe3 Qc5 20.Rd2 Rfe8 21.Rad1
Rac8 22.Qf2 h6 23.Bf1 Rcd8 24.Ne2 Qxf2+ 25.Kxf2 Rc8 26.Nc3 Rc6 27.Nxb5 
axb5 28.Bxb5 Rec8 29.Bxc6 Rxc6 30.b3 Rc3 31.Re1 Kf8 32.Re3 Rc7 33.c4 Bc6 
34.a4 Ke7 35.a5 Bb7 36.Rc3 Nd5 37.Rcd3 Nb4 38.Rd6 Nc6 39.c5 Nxa5 40.b4 Nc4
41.R2d4 Bd5 42.Ra6 Rb7 43.Ra4 Rc7 44.Ra1 Rb7 45.Ra4 Ne5 46.Ke3 Nc6 47.Rh4 
g5 48.Rxh6 Nxb4 0-1

[Event "Asia-ch U20 Girls"]
[Site "Tashkent UZB"]
[Date "2012.06.02"]
[Round "4.8"]
[White "Kulkarni, Bhakti"]
[Black "Shyngys Kyzy, Aijarkyn"]
[Result "1-0"]
[WhiteElo "2208"]
[BlackElo "1733"]
[EventDate "2012.05.30"]
[PlyCount "85"]

1.d4 d5 2.Bg5 Bf5 3.e3 Nf6 4.Bxf6 exf6 5.Nf3 Bb4+ 6.c3 Bd6 7.Qb3 c6 8.Qxb7
O-O 9.Qb3 Nd7 10.Qd1 Rb8 11.b3 Qa5 12.b4 Qc7 13.Nh4 Be4 14.Nd2 f5 15.Nxe4 
fxe4 16.Nf5 a5 17.a3 Ra8 18.Be2 axb4 19.axb4 Nb6 20.Ra5 Nc4 21.Bxc4 Rxa5 
22.bxa5 dxc4 23.Nxd6 Qxd6 24.O-O Ra8 25.Qa4 Qd5 26.Rb1 g6 27.a6 c5 28.a7 
cxd4 29.Rb8+ Kg7 30.exd4 Qg5 31.g3 Qc1+ 32.Kg2 e3 33.Rxa8 exf2 34.Rg8+ Kh6
35.Kxf2 Qd2+ 36.Kf1 Qd3+ 37.Ke1 Qxc3+ 38.Kd1 Qxd4+ 39.Kc1 Qe3+ 40.Kb1 Qe1+
41.Kc2 Qe2+ 42.Kc3 Qd3+ 43.Kb4 1-0